00213nam a2200085Ia 450000100070000000500170000700800410002424500350006526000270010068675520250826161543.0250824s9999 xx 000 0 und d 0aAnayurt Oteli cYUSUF ATILGAN bYAPI KREDİ YAYINLARI